[Event "Olimpiada Calviá 2004"]
[Site "Calviá ESP"]
[Date "2004.10.26"]
[Round "11.15"]
[White "Carvalho, Guillermo"]
[Black "Alcazar Jimenez, Victor"]
[Result "0-1"]
[WhiteElo "2216"]
[BlackElo "2412"]
[PlyCount "80"]
[EventDate "2004.10.15"]
[EventType "team"]
[EventRounds "14"]
[EventCountry "ESP"]
[Source "lmi"]
[SourceDate "2004.10.27"]

1. c4 c5 2. Nc3 Nf6 3. Nf3 d5 4. cxd5 Nxd5 5. e4 Nb4 6. Bc4 Nd3+ 7. Ke2 Nf4+ 8.
Kf1 Ne6 9. b4 cxb4 10. Ne2 Nc7 11. d4 e6 12. h4 Nd7 13. Qd3 Be7 14. Rh3 Nb6 15.
Bb3 Bd7 16. Ne5 Bb5 17. Qe3 Bf6 18. Bb2 Bxe5 19. dxe5 Nc4 20. Bxc4 Bxc4 21. Kg1
Bxe2 22. Qxe2 O-O 23. f4 Qd7 24. f5 Rad8 25. Rc1 Nb5 26. f6 g6 27. Rb3 a5 28.
Rc5 Nc3 29. Bxc3 bxc3 30. Rbxc3 b6 31. R5c4 Qb5 32. a4 Qxe5 33. Rf3 h5 34. g3
Kh7 35. Kg2 Rd7 36. Rf2 Rfd8 37. Qe3 Rd4 38. Rxd4 Rxd4 39. Rb2 Rxe4 40. Qxb6
Re2+ 0-1

[Event "Olimpiada Calviá 2004"]
[Site "Calviá ESP"]
[Date "2004.10.26"]
[Round "11.16"]
[White "Del Rio Angelis, Salvador G"]
[Black "Rowson, Jonathan"]
[Result "1/2-1/2"]
[WhiteElo "2491"]
[BlackElo "2577"]
[PlyCount "65"]
[EventDate "2004.10.15"]
[EventType "team"]
[EventRounds "14"]
[EventCountry "ESP"]
[Source "lmi"]
[SourceDate "2004.10.27"]

1. e4 c5 2. Nf3 d6 3. d4 cxd4 4. Nxd4 Nf6 5. Nc3 a6 6. Bg5 e6 7. f4 Qb6 8. Qd2
Qxb2 9. Rb1 Qa3 10. e5 dxe5 11. fxe5 Nfd7 12. Ne4 h6 13. Rb3 Qa4 14. Be3 Nc6
15. Be2 Ncxe5 16. O-O Be7 17. Rc3 Nf6 18. Nxf6+ gxf6 19. Nb3 Qd7 20. Qe1 Rg8
21. Rf4 b6 22. Bxb6 Qd5 23. Rg3 Rg6 24. c4 Qd7 25. Rd4 Qa4 26. Qd2 Bb7 27. c5
Qa3 28. Rxg6 fxg6 29. Qxh6 Qxa2 30. Qh8+ Kf7 31. Qh7+ Kf8 32. Qh8+ Kf7 33. Qh7+
1/2-1/2

[Event "Olimpiada Calviá 2004"]
[Site "Calviá ESP"]
[Date "2004.10.26"]
[Round "11.16"]
[White "McNab, Colin A"]
[Black "Galiana, Juan Ramon"]
[Result "1-0"]
[WhiteElo "2434"]
[BlackElo "2257"]
[PlyCount "67"]
[EventDate "2004.10.15"]
[EventType "team"]
[EventRounds "14"]
[EventCountry "ESP"]
[Source "lmi"]
[SourceDate "2004.10.27"]

1. c4 f5 2. b3 d6 3. Bb2 e5 4. Nc3 c6 5. d4 e4 6. d5 c5 7. e3 Nf6 8. h4 Na6 9.
Nh3 Nc7 10. Nf4 Qe7 11. Be2 Rg8 12. a3 Bd7 13. b4 b6 14. a4 g6 15. a5 Bg7 16.
axb6 axb6 17. Rxa8+ Nxa8 18. Nb5 Bxb5 19. cxb5 Nd7 20. Qa1 Bxb2 21. Qxb2 Nc7
22. O-O Kf7 23. Ra1 Qf6 24. Qc1 Rc8 25. Ra7 Ke8 26. g3 Qe5 27. Qc4 Nf6 28. bxc5
dxc5 29. Kg2 Qd6 30. Qc3 Kf7 31. Bc4 Ke8 32. Ne6 Ke7 33. Qa1 Qd7 34. Nxc7 1-0

[Event "Olimpiada Calviá 2004"]
[Site "Calviá ESP"]
[Date "2004.10.26"]
[Round "11.18"]
[White "Papaioannou, Ioannis"]
[Black "Agdestein, Simen"]
[Result "1-0"]
[WhiteElo "2577"]
[BlackElo "2589"]
[PlyCount "67"]
[EventDate "2004.10.15"]
[EventType "team"]
[EventRounds "14"]
[EventCountry "ESP"]
[Source "lmi"]
[SourceDate "2004.10.27"]

1. d4 e6 2. g3 f5 3. Bg2 Nf6 4. c4 c6 5. Nd2 d5 6. Nh3 Bd6 7. Nf4 O-O 8. Qc2 b6
9. Nf3 Qe7 10. O-O Ba6 11. b3 Nbd7 12. a4 Bb7 13. a5 c5 14. a6 Bc6 15. dxc5
Bxf4 16. Bxf4 bxc5 17. Ne5 Nxe5 18. Bxe5 Rac8 19. cxd5 Bxd5 20. Bxf6 Rxf6 21.
Rfd1 Bxg2 22. Kxg2 f4 23. Qe4 fxg3 24. hxg3 Rb8 25. Rd3 Rf5 26. Rad1 h5 27. Re3
Qf7 28. f3 Rd5 29. Red3 Rb4 30. Qe3 Rxb3 31. Rxb3 Rxd1 32. Rb7 Rd7 33. Qxc5 Kh7
34. Qxa7 1-0

[Event "Olimpiada Calviá 2004"]
[Site "Calviá ESP"]
[Date "2004.10.26"]
[Round "11.18"]
[White "Nikolaidis, Ioannis"]
[Black "Lie, Kjetil A"]
[Result "1/2-1/2"]
[WhiteElo "2527"]
[BlackElo "2474"]
[PlyCount "88"]
[EventDate "2004.10.15"]
[EventType "team"]
[EventRounds "14"]
[EventCountry "ESP"]
[Source "lmi"]
[SourceDate "2004.10.27"]

1. d4 Nf6 2. Nf3 g6 3. c4 Bg7 4. Nc3 O-O 5. e4 d6 6. Be2 c5 7. d5 e6 8. O-O
exd5 9. exd5 Re8 10. h3 Bf5 11. Nh4 Bc8 12. Bd3 Nbd7 13. Nf3 Nh5 14. Bg5 Bf6
15. Bxf6 Ndxf6 16. Qd2 Ng7 17. Rae1 Bf5 18. Bxf5 Nxf5 19. g4 Ng7 20. Qf4 a6 21.
Ng5 Rf8 22. Re3 h6 23. Nge4 Nxe4 24. Nxe4 f5 25. Nxd6 Qc7 26. Rfe1 Rad8 27. Re6
Kh7 28. g5 Rfe8 29. Qh4 Rxe6 30. Qxh6+ Kg8 31. Rxe6 Rxd6 32. Rxg6 Rxg6 33. Qxg6
Qe5 34. Qb6 Qe1+ 35. Kg2 Qe4+ 36. Kg1 Qxc4 37. Qd8+ Kh7 38. d6 Qc1+ 39. Kg2 Qf4
40. d7 Qe4+ 41. Kg1 Qe1+ 42. Kg2 Qe4+ 43. Kg1 Qe1+ 44. Kg2 Qe4+ 1/2-1/2

[Event "Olimpiada Calviá 2004"]
[Site "Calviá ESP"]
[Date "2004.10.26"]
[Round "11.19"]
[White "Pedersen, Nicolai Vesterbaek"]
[Black "Lane, Gary W"]
[Result "1/2-1/2"]
[WhiteElo "2466"]
[BlackElo "2442"]
[PlyCount "93"]
[EventDate "2004.10.15"]
[EventType "team"]
[EventRounds "14"]
[EventCountry "ESP"]
[Source "lmi"]
[SourceDate "2004.10.27"]

1. e4 e5 2. Nf3 Nc6 3. Bb5 a6 4. Ba4 Nf6 5. d3 d6 6. c3 b5 7. Bb3 Be7 8. O-O
O-O 9. Re1 Na5 10. Bc2 c5 11. Nbd2 Re8 12. Nf1 Bf8 13. Ng3 Nc6 14. h3 h6 15. d4
cxd4 16. cxd4 Bb7 17. d5 Nb4 18. Bb1 a5 19. Qe2 Qd7 20. a3 Na6 21. Bd3 Nc7 22.
Bd2 Reb8 23. Nh2 b4 24. axb4 axb4 25. Nf5 Kh7 26. Qf3 Ng8 27. Ng4 Ba6 28. b3
Bxd3 29. Rxa8 Rxa8 30. Qxd3 Na6 31. Qc4 Qc8 32. Rc1 Qxc4 33. Rxc4 Nc5 34. Bxb4
g6 35. Nxd6 Nd3 36. Nxf7 Nxb4 37. d6 Kg7 38. Ngxe5 Nd3 39. Nxd3 Kxf7 40. e5 Ke6
41. f4 g5 42. Nc5+ Kd5 43. Nd3 Rb8 44. d7 Be7 45. Rc8 Rxb3 46. d8=Q+ Bxd8 47.
Rxd8+ 1/2-1/2

[Event "Olimpiada Calviá 2004"]
[Site "Calviá ESP"]
[Date "2004.10.26"]
[Round "11.19"]
[White "Smerdon, David"]
[Black "Mortensen, Erling"]
[Result "1-0"]
[WhiteElo "2425"]
[BlackElo "2465"]
[PlyCount "121"]
[EventDate "2004.10.15"]
[EventType "team"]
[EventRounds "14"]
[EventCountry "ESP"]
[Source "lmi"]
[SourceDate "2004.10.27"]

1. e4 c5 2. Nf3 e6 3. c3 Nf6 4. e5 Nd5 5. d4 cxd4 6. cxd4 d6 7. Bc4 Nc6 8. O-O
Be7 9. Qe2 O-O 10. Qe4 Bd7 11. Bd3 f5 12. exf6 Nxf6 13. Qe2 Qe8 14. Nc3 Qh5 15.
Be3 Ng4 16. h3 Nxe3 17. Qxe3 Rxf3 18. Qxf3 Qxf3 19. gxf3 Nxd4 20. Kg2 Rf8 21.
Rfd1 Nxf3 22. Bb5 Bc8 23. Rac1 a6 24. Be2 Nh4+ 25. Kg1 Ng6 26. Bg4 Nf4 27. Nd5
Nxd5 28. Rxc8 Nf4 29. Rdc1 h5 30. Rxf8+ Kxf8 31. Bf3 d5 32. Rc7 b6 33. Rb7 Bc5
34. h4 a5 35. Bd1 g6 36. Kf1 e5 37. Bc2 e4 38. Rd7 Ke8 39. Ba4 Kf8 40. Bc6 Be7
41. Bxd5 Nxd5 42. Rxd5 Kf7 43. Rd4 Bf6 44. Rd6 b5 45. Rd5 b4 46. Rxa5 Bxb2 47.
Rc5 Bf6 48. Rc4 Be7 49. Rxe4 Kf6 50. Ke2 Bc5 51. Rc4 Be7 52. Rc6+ Kf5 53. Rb6
Bf8 54. Rb5+ Ke6 55. Ke3 Be7 56. f3 Bd6 57. Ke4 Be7 58. Rb6+ Kf7 59. Ke5 Bf8
60. Rf6+ Kg7 61. Rxf8 1-0

[Event "Olimpiada Calviá 2004"]
[Site "Calviá ESP"]
[Date "2004.10.26"]
[Round "11.20"]
[White "Sokolov, Ivan"]
[Black "Sulskis, Sarunas"]
[Result "1-0"]
[WhiteElo "2663"]
[BlackElo "2555"]
[PlyCount "101"]
[EventDate "2004.10.15"]
[EventType "team"]
[EventRounds "14"]
[EventCountry "ESP"]
[Source "lmi"]
[SourceDate "2004.10.27"]

1. d4 Nf6 2. c4 e6 3. Nc3 Bb4 4. Qc2 c5 5. dxc5 O-O 6. a3 Bxc5 7. Nf3 b6 8. Bg5
Bb7 9. e4 Be7 10. Be2 d6 11. O-O Nbd7 12. Rfd1 Qc7 13. Rac1 Rac8 14. b4 Qb8 15.
Qb1 Rfe8 16. h3 Ba6 17. Qa2 Rc7 18. Bf4 Qc8 19. Nd2 Ne5 20. Bxe5 dxe5 21. Qb2
Rd8 22. Re1 Nd7 23. Nb5 Bxb5 24. cxb5 Nf6 25. Rxc7 Qxc7 26. Rc1 Qd7 27. Rc2 Rc8
28. Rxc8+ Qxc8 29. Bd3 h6 30. Nf3 Nd7 31. h4 Qc7 32. g3 Kf8 33. Kg2 g5 34. Qd2
Qd6 35. hxg5 hxg5 36. Qc3 Kg7 37. Bc2 g4 38. Nh2 Nf6 39. Qe3 Qd4 40. Qxd4 exd4
41. e5 Nd5 42. Nxg4 f5 43. Nh2 Bd8 44. Nf3 Bc7 45. Bb3 Nc3 46. Bxe6 Nxb5 47.
Bxf5 Nxa3 48. Bd3 a5 49. bxa5 bxa5 50. g4 a4 51. Kg3 1-0

[Event "Olimpiada Calviá 2004"]
[Site "Calviá ESP"]
[Date "2004.10.26"]
[Round "11.21"]
[White "Campora, Daniel H"]
[Black "Olafsson, Helgi"]
[Result "1-0"]
[WhiteElo "2549"]
[BlackElo "2531"]
[PlyCount "47"]
[EventDate "2004.10.15"]
[EventType "team"]
[EventRounds "14"]
[EventCountry "ESP"]
[Source "lmi"]
[SourceDate "2004.10.27"]

1. e4 e5 2. Nf3 Nc6 3. d4 exd4 4. Nxd4 Nf6 5. Nxc6 bxc6 6. Bd3 d5 7. exd5 cxd5
8. O-O Bd6 9. Re1+ Be6 10. Bb5+ Kf8 11. Bg5 Rb8 12. c4 dxc4 13. Nc3 c6 14. Bxc6
Bxh2+ 15. Kxh2 Qc7+ 16. Kg1 Qxc6 17. Qd4 Nd7 18. Rad1 h6 19. Bf4 Rb7 20. Ne4
Qb6 21. Qc3 Qxb2 22. Qg3 c3 23. Nxc3 Qc2 24. Qf3 1-0

[Event "Olimpiada Calviá 2004"]
[Site "Calviá ESP"]
[Date "2004.10.26"]
[Round "11.21"]
[White "Thorhallsson, Throstur"]
[Black "Ricardi, Pablo"]
[Result "1/2-1/2"]
[WhiteElo "2460"]
[BlackElo "2548"]
[PlyCount "89"]
[EventDate "2004.10.15"]
[EventType "team"]
[EventRounds "14"]
[EventCountry "ESP"]
[Source "lmi"]
[SourceDate "2004.10.27"]

1. e4 c5 2. Nf3 d6 3. d4 cxd4 4. Nxd4 Nf6 5. Nc3 a6 6. Bc4 e6 7. Bb3 Nbd7 8. f4
Nc5 9. O-O Be7 10. e5 dxe5 11. fxe5 Nxb3 12. axb3 Nd7 13. Bf4 O-O 14. Kh1 Nb6
15. Ne4 Nd5 16. Qh5 Bd7 17. Rad1 Qe8 18. Qg4 f5 19. exf6 Nxf6 20. Qe2 Qg6 21.
Nxf6+ Rxf6 22. Nf5 Rxf5 23. Rxd7 Qf7 24. Rf3 Rxf4 25. Rxe7 Rxf3 26. Rxf7 Rxf7
27. Qxe6 Raf8 28. h3 h6 29. Kh2 Kh8 30. Qb6 Re8 31. b4 Re5 32. c4 Kh7 33. Qd6
Rg5 34. Kg1 Rgf5 35. b3 h5 36. Qd3 h4 37. Qe4 g5 38. Kh2 Kg7 39. Qd4+ Kg6 40.
Qe4 Kh6 41. Qd4 R5f6 42. Qe5 Kg6 43. Qe4+ Rf5 44. Qd3 Kg7 45. Qd4+ 1/2-1/2

[Event "Olimpiada Calviá 2004"]
[Site "Calviá ESP"]
[Date "2004.10.26"]
[Round "11.21"]
[White "Soppe, Guillermo"]
[Black "Thorfinnsson, Bragi"]
[Result "1/2-1/2"]
[WhiteElo "2433"]
[BlackElo "2435"]
[PlyCount "56"]
[EventDate "2004.10.15"]
[EventType "team"]
[EventRounds "14"]
[EventCountry "ESP"]
[Source "lmi"]
[SourceDate "2004.10.27"]

1. d4 Nf6 2. Nf3 e6 3. e3 b6 4. Bd3 Bb7 5. O-O c5 6. Nbd2 Be7 7. c3 O-O 8. e4
d6 9. Re1 Nc6 10. a3 Nd7 11. Nf1 Bf6 12. Be3 Qc8 13. b4 a5 14. b5 Ne7 15. Rc1
Ng6 16. g3 Bd8 17. h4 c4 18. Bc2 f5 19. h5 Ne7 20. Bf4 fxe4 21. Bxe4 Rxf4 22.
Bxb7 Qxb7 23. gxf4 Nd5 24. Qd2 Nf8 25. Ng3 Qf7 26. Re4 Nf6 27. Qe2 Nxh5 28.
Nxh5 Qxh5 1/2-1/2

[Event "Olimpiada Calviá 2004"]
[Site "Calviá ESP"]
[Date "2004.10.26"]
[Round "11.22"]
[White "Gnusarev, Petr"]
[Black "Cekro, Ekrem"]
[Result "1-0"]
[WhiteElo "2357"]
[BlackElo "2433"]
[PlyCount "71"]
[EventDate "2004.10.15"]
[EventType "team"]
[EventRounds "14"]
[EventCountry "ESP"]
[Source "lmi"]
[SourceDate "2004.10.27"]

1. d4 Nf6 2. c4 e6 3. g3 d5 4. Bg2 a6 5. Nf3 Be7 6. O-O O-O 7. Nc3 Nbd7 8. b3
c6 9. Bb2 b5 10. Nd2 bxc4 11. bxc4 Rb8 12. Rb1 a5 13. Qc2 Ba6 14. Na4 dxc4 15.
Nxc4 Nd5 16. a3 f5 17. Rfe1 f4 18. e4 fxe3 19. Nxe3 Bb5 20. Ng4 N7f6 21. Ne5
Bd6 22. Nc5 Bxc5 23. dxc5 a4 24. Nf3 Re8 25. Ng5 Rb7 26. Rxe6 Rbe7 27. Bh3 Nc7
28. Rd1 Nxe6 29. Bxe6+ Rxe6 30. Rxd8 Re1+ 31. Kg2 Bf1+ 32. Kf3 Rxd8 33. Bxf6
Rd3+ 34. Kf4 gxf6 35. Ne4 Be2 36. Nxf6+ 1-0

[Event "Olimpiada Calviá 2004"]
[Site "Calviá ESP"]
[Date "2004.10.26"]
[Round "11.22"]
[White "Van Beers, Eddy"]
[Black "Kuderinov, Kirill"]
[Result "0-1"]
[WhiteElo "2383"]
[BlackElo "2323"]
[PlyCount "86"]
[EventDate "2004.10.15"]
[EventType "team"]
[EventRounds "14"]
[EventCountry "ESP"]
[Source "lmi"]
[SourceDate "2004.10.27"]

1. e4 c5 2. c3 d5 3. exd5 Qxd5 4. d4 Nc6 5. Nf3 Bg4 6. Be2 cxd4 7. cxd4 e6 8.
Nc3 Qd8 9. h3 Bh5 10. O-O Nf6 11. Qb3 Qb6 12. Qxb6 axb6 13. g4 Bg6 14. Bb5
O-O-O 15. Be3 Bd6 16. d5 Nxd5 17. Nxd5 exd5 18. Bxb6 Bc7 19. Bxc7 Kxc7 20. Rac1
Kb6 21. a4 Na7 22. Be2 Rhe8 23. Rfe1 d4 24. Nd2 Nc6 25. Bb5 d3 26. Rxe8 Rxe8
27. f4 f6 28. f5 Bf7 29. Bxd3 Rd8 30. Nc4+ Bxc4 31. Bxc4 Rd2 32. b3 Nd4 33. Rc3
Kc5 34. Re3 Nc6 35. Kf1 Ne5 36. Re4 Rb2 37. Bg8 Nd3 38. Rc4+ Kb6 39. Rd4 Ne5
40. Rb4+ Kc5 41. Rxb7 Kd4 42. a5 Ke3 43. a6 Rf2+ 0-1

[Event "Olimpiada Calviá 2004"]
[Site "Calviá ESP"]
[Date "2004.10.26"]
[Round "11.22"]
[White "Temirbaev, Serik"]
[Black "Laurent, Bruno"]
[Result "1-0"]
[WhiteElo "2468"]
[BlackElo "2335"]
[PlyCount "113"]
[EventDate "2004.10.15"]
[EventType "team"]
[EventRounds "14"]
[EventCountry "ESP"]
[Source "lmi"]
[SourceDate "2004.10.27"]

1. d4 Nf6 2. c4 e6 3. Nf3 d5 4. g3 dxc4 5. Qa4+ Nbd7 6. Bg2 c5 7. O-O Be7 8.
dxc5 Bxc5 9. Qxc4 O-O 10. Nc3 a6 11. Qb3 Qe7 12. Nd2 Ba7 13. Nc4 e5 14. Bg5 h6
15. Nd5 Qd8 16. Bxf6 Nxf6 17. Nxe5 Bd4 18. Nd3 Rb8 19. e3 Nxd5 20. Bxd5 Bf6 21.
Nf4 Bf5 22. Rfd1 Qe7 23. Bf3 Qe5 24. Rd2 Rfd8 25. Rad1 b5 26. Rd5 Be6 27. Nxe6
Qxe6 28. Kg2 g6 29. h4 h5 30. Qb4 Kg7 31. b3 Rbc8 32. Qf4 Rxd5 33. Rxd5 Rc2 34.
a4 bxa4 35. bxa4 Bc3 36. Rd1 Be5 37. Qe4 Rc4 38. Qb7 Rc7 39. Qd5 Qf5 40. Rd2
Rc1 41. Qb7 Qf6 42. Qe4 Ra1 43. Rc2 Bc3 44. Qd3 Ra3 45. Qd5 Qb6 46. Qd7 Qe6 47.
Qxe6 fxe6 48. Be2 a5 49. Kf3 Kf6 50. Bb5 Ke5 51. Rc1 Bb4 52. Rc6 Kf5 53. Ra6
Ke5 54. Bd7 Ra2 55. Rxe6+ Kd5 56. Rxg6 Rb2 57. Rf6 1-0

[Event "Olimpiada Calviá 2004"]
[Site "Calviá ESP"]
[Date "2004.10.26"]
[Round "11.23"]
[White "Megaranto, Susanto"]
[Black "Adams, Michael"]
[Result "1/2-1/2"]
[WhiteElo "2439"]
[BlackElo "2740"]
[PlyCount "40"]
[EventDate "2004.10.15"]
[EventType "team"]
[EventRounds "14"]
[EventCountry "ESP"]
[Source "lmi"]
[SourceDate "2004.10.27"]

1. e4 e5 2. Nf3 Nc6 3. Bb5 a6 4. Ba4 Nf6 5. O-O Be7 6. Re1 b5 7. Bb3 O-O 8. h3
Bb7 9. d3 Re8 10. Nbd2 Bc5 11. c3 Bb6 12. Nf1 h6 13. Ng3 Na5 14. Bc2 c5 15. Nh2
d5 16. Ng4 Re6 17. Nf5 Nxg4 18. hxg4 Rc8 19. g5 dxe4 20. dxe4 Qxd1 1/2-1/2

[Event "Olimpiada Calviá 2004"]
[Site "Calviá ESP"]
[Date "2004.10.26"]
[Round "11.23"]
[White "Short, Nigel D"]
[Black "Liu, Dede"]
[Result "1-0"]
[WhiteElo "2687"]
[BlackElo "2397"]
[PlyCount "105"]
[EventDate "2004.10.15"]
[EventType "team"]
[EventRounds "14"]
[EventCountry "ESP"]
[Source "lmi"]
[SourceDate "2004.10.27"]

1. e4 d5 2. exd5 Qxd5 3. Nc3 Qa5 4. Bc4 Nf6 5. d3 c6 6. Qe2 Bf5 7. Bd2 Qc7 8.
h3 e6 9. g4 Bg6 10. f4 Be7 11. Nf3 Nbd7 12. O-O-O Nb6 13. Rde1 Kf8 14. Bb3 Bd6
15. Ne5 Bxe5 16. Qxe5 Qxe5 17. fxe5 Nfd7 18. Ne4 Kg8 19. d4 h5 20. g5 Bxe4 21.
Rxe4 Nd5 22. Rf1 g6 23. Bxd5 cxd5 24. Ref4 Rh7 25. Bb4 Nb8 26. Bd6 Nc6 27. R1f3
Rd8 28. b3 Rd7 29. Kd2 Ne7 30. Bxe7 Rxe7 31. Rc3 Kg7 32. Rc8 Rh8 33. Rxh8 Kxh8
34. Rf3 Kg8 35. Rc3 Kf8 36. a4 Ke8 37. Rc8+ Kd7 38. Ra8 a6 39. Kc3 Kc6 40. Kb4
Rc7 41. c4 dxc4 42. bxc4 Kd7 43. Rb8 Kc6 44. a5 Kd7 45. d5 exd5 46. cxd5 Rc1
47. Rxb7+ Ke8 48. Ra7 Kf8 49. Rxa6 Rh1 50. Rf6 Rxh3 51. e6 Rg3 52. Rxf7+ Ke8
53. a6 1-0

[Event "Olimpiada Calviá 2004"]
[Site "Calviá ESP"]
[Date "2004.10.26"]
[Round "11.23"]
[White "Wells, Peter K"]
[Black "Halay, Taufik"]
[Result "1-0"]
[WhiteElo "2504"]
[BlackElo "2264"]
[PlyCount "89"]
[EventDate "2004.10.15"]
[EventType "team"]
[EventRounds "14"]
[EventCountry "ESP"]
[Source "lmi"]
[SourceDate "2004.10.27"]

1. Nf3 c5 2. c4 Nc6 3. d4 cxd4 4. Nxd4 g6 5. e4 Bg7 6. Be3 Nf6 7. Nc3 O-O 8.
Be2 Nxd4 9. Bxd4 d6 10. O-O Be6 11. Qd2 Qa5 12. Rad1 Rfd8 13. f4 Bg4 14. Bxf6
Bxe2 15. Qxe2 Bxf6 16. Nd5 Qxa2 17. e5 dxe5 18. Ra1 Qxa1 19. Rxa1 exf4 20.
Nxf6+ exf6 21. Rd1 Re8 22. Qf3 g5 23. Rd7 Re1+ 24. Kf2 Rae8 25. Qh5 R8e7 26.
Rxe7 Rxe7 27. Qd1 Kg7 28. b4 a6 29. Qd6 Re6 30. Qd7 Rb6 31. b5 axb5 32. cxb5 h6
33. Qd5 f5 34. Qd4+ Rf6 35. b6 g4 36. Qc5 h5 37. Qc7 h4 38. Qxb7 g3+ 39. hxg3
fxg3+ 40. Kf1 f4 41. Qc7 f3 42. Qe5 Kg6 43. Qxf6+ Kxf6 44. b7 h3 45. gxh3 1-0

[Event "Olimpiada Calviá 2004"]
[Site "Calviá ESP"]
[Date "2004.10.26"]
[Round "11.24"]
[White "Nisipeanu, Liviu-Dieter"]
[Black "Galego, Luis"]
[Result "1/2-1/2"]
[WhiteElo "2687"]
[BlackElo "2515"]
[PlyCount "69"]
[EventDate "2004.10.15"]
[EventType "team"]
[EventRounds "14"]
[EventCountry "ESP"]
[Source "lmi"]
[SourceDate "2004.10.27"]

1. e4 c5 2. Nf3 e6 3. c3 Nf6 4. e5 Nd5 5. d4 cxd4 6. cxd4 d6 7. Bc4 Nc6 8. O-O
Be7 9. Qe2 O-O 10. Rd1 Na5 11. Bd3 Nb4 12. exd6 Qxd6 13. Nc3 Nxd3 14. Qxd3 b6
15. Ng5 Bxg5 16. Ne4 Qd5 17. Nxg5 Qf5 18. Qxf5 exf5 19. Bd2 f6 20. Nh3 Rd8 21.
Nf4 Rxd4 22. Bxa5 Rxf4 23. Rd8+ Kf7 24. Bd2 Rc4 25. Re1 a5 26. h4 Ra7 27. Ree8
Rd7 28. Rf8+ Kg6 29. Rxd7 Bxd7 30. Rd8 Bc6 31. Rc8 a4 32. a3 Bd5 33. Rxc4 Bxc4
34. f4 Kh5 35. g3 1/2-1/2

[Event "Olimpiada Calviá 2004"]
[Site "Calviá ESP"]
[Date "2004.10.26"]
[Round "11.24"]
[White "Fernandes, Antonio"]
[Black "Nevednichy, Vladislav"]
[Result "1/2-1/2"]
[WhiteElo "2431"]
[BlackElo "2552"]
[PlyCount "33"]
[EventDate "2004.10.15"]
[EventType "team"]
[EventRounds "14"]
[EventCountry "ESP"]
[Source "lmi"]
[SourceDate "2004.10.27"]

1. d4 Nf6 2. c4 g6 3. Nc3 d5 4. Bg5 Ne4 5. Bh4 Nxc3 6. bxc3 dxc4 7. e3 Be6 8.
Rb1 b6 9. Nf3 Bd5 10. Be2 Bg7 11. O-O Nc6 12. Nd2 Na5 13. e4 Bb7 14. Nxc4 Nxc4
15. Bxc4 O-O 16. Qe2 Qd7 17. Rfd1 1/2-1/2

[Event "Olimpiada Calviá 2004"]
[Site "Calviá ESP"]
[Date "2004.10.26"]
[Round "11.24"]
[White "Costa, Joao Guerra"]
[Black "Grigore, George-Gabriel"]
[Result "1/2-1/2"]
[WhiteElo "2284"]
[BlackElo "2491"]
[PlyCount "97"]
[EventDate "2004.10.15"]
[EventType "team"]
[EventRounds "14"]
[EventCountry "ESP"]
[Source "lmi"]
[SourceDate "2004.10.27"]

1. e4 c5 2. Nf3 Nc6 3. d4 cxd4 4. Nxd4 e5 5. Nb5 d6 6. c4 Be7 7. Bd3 Nf6 8.
N1c3 a6 9. Na3 O-O 10. O-O Nd7 11. Nc2 Nc5 12. b3 Kh8 13. Nd5 Bg5 14. Re1 Rb8
15. Be3 Bxe3 16. fxe3 Qg5 17. Nc3 Bh3 18. Bf1 Qg6 19. Rc1 f5 20. exf5 Bxf5 21.
Qd2 Nd3 22. Bxd3 Bxd3 23. Red1 e4 24. Nd5 Ne5 25. Nd4 Nf3+ 26. Nxf3 exf3 27.
Nf4 Rxf4 28. exf4 Be2 29. g3 Qh5 30. Rf1 Qc5+ 31. Rf2 Re8 32. b4 Qe3 33. Qxe3
Rxe3 34. Re1 Re4 35. Rfxe2 fxe2 36. Kf2 Rxc4 37. Rxe2 Kg8 38. a3 Kf7 39. Kf3
Rc3+ 40. Re3 Rc2 41. h3 d5 42. f5 Rd2 43. Kf4 d4 44. Re5 Rf2+ 45. Ke4 Ra2 46.
Ra5 Rh2 47. Rd5 Ra2 48. Ra5 Rh2 49. Rd5 1/2-1/2

[Event "Olimpiada Calviá 2004"]
[Site "Calviá ESP"]
[Date "2004.10.26"]
[Round "11.25"]
[White "Georgiev, Vladimir"]
[Black "Bachmann, Axel"]
[Result "1-0"]
[WhiteElo "2512"]
[BlackElo "2282"]
[PlyCount "73"]
[EventDate "2004.10.15"]
[EventType "team"]
[EventRounds "14"]
[EventCountry "ESP"]
[Source "lmi"]
[SourceDate "2004.10.27"]

1. c4 c5 2. Nf3 Nc6 3. d4 cxd4 4. Nxd4 g6 5. e4 Bg7 6. Be3 d6 7. Nc3 Nf6 8. Be2
O-O 9. O-O Nxd4 10. Bxd4 Be6 11. Qd2 Qa5 12. Rfd1 Rfc8 13. b3 Kf8 14. f4 Nd7
15. Kh1 Bxd4 16. Qxd4 f6 17. Bf3 Rab8 18. Nb5 Nc5 19. Qb2 Qb6 20. Rd2 a5 21.
Rf1 Kg7 22. g4 Bd7 23. Nc3 Bc6 24. e5 fxe5 25. fxe5 dxe5 26. Nd5 Bxd5 27. Rxd5
Kg8 28. Qxe5 e6 29. Bg2 Rc7 30. Rd6 Qa7 31. h4 b6 32. h5 Re8 33. Bc6 Rec8 34.
Rxe6 Rf7 35. Re8+ Rxe8 36. Qxe8+ Kg7 37. h6+ 1-0

[Event "Olimpiada Calviá 2004"]
[Site "Calviá ESP"]
[Date "2004.10.26"]
[Round "11.25"]
[White "Jodorcovsky, Paulo"]
[Black "Stanojoski, Zvonko"]
[Result "1/2-1/2"]
[WhiteElo "2278"]
[BlackElo "2506"]
[PlyCount "137"]
[EventDate "2004.10.15"]
[EventType "team"]
[EventRounds "14"]
[EventCountry "ESP"]
[Source "lmi"]
[SourceDate "2004.10.27"]

1. e4 c5 2. Nf3 Nc6 3. Bb5 g6 4. Bxc6 dxc6 5. d3 Bg7 6. h3 e5 7. Nc3 Qe7 8. Be3
Nf6 9. Qd2 h6 10. a4 a5 11. O-O b6 12. Nh2 Nh5 13. Ne2 g5 14. Ng3 Nf4 15. Rad1
h5 16. f3 Be6 17. Nf5 Bxf5 18. exf5 Qd7 19. Bxf4 gxf4 20. Rfe1 O-O 21. b3 Qxf5
22. Nf1 Qd7 23. Re2 f5 24. Qe1 Bf6 25. Nd2 Rae8 26. Nc4 Qc7 27. Kh1 Re7 28. Rb1
Kh8 29. Rd1 Ra8 30. Na3 Rg8 31. Nc4 Rg6 32. Rb1 Re8 33. Rd1 Rg7 34. Rb1 b5 35.
axb5 cxb5 36. Nxa5 Ra8 37. b4 cxb4 38. Nb3 Ra4 39. Qf2 Ra2 40. Rbe1 Kh7 41. Nc5
Qd6 42. Nb3 Qc7 43. Nc5 Qe7 44. Rb1 Bh4 45. Qg1 Qd6 46. Nb3 Rc7 47. Qd1 Ra8 48.
d4 exd4 49. Qd3 Qd5 50. Rd1 Rc3 51. Qd2 Re3 52. Nc1 Rae8 53. Rf2 Bxf2 54. Qxf2
Qd6 55. Qh4 Qg6 56. Nd3 Qg3 57. Qxh5+ Kg7 58. Qxf5 Re2 59. Qd7+ Kg8 60. Qd5+
Kh7 61. Rg1 b3 62. cxb3 Qg7 63. Nxf4 Re1 64. Qh5+ Kg8 65. Qd5+ Kh7 66. Qf5+ Kg8
67. Qd5+ Kf8 68. Qf5+ Kg8 69. Qd5+ 1/2-1/2

[Event "Olimpiada Calviá 2004"]
[Site "Calviá ESP"]
[Date "2004.10.26"]
[Round "11.25"]
[White "Vasovski, Nikola"]
[Black "Ojeda, Javier"]
[Result "1-0"]
[WhiteElo "2324"]
[BlackElo "2206"]
[PlyCount "106"]
[EventDate "2004.10.15"]
[EventType "team"]
[EventRounds "14"]
[EventCountry "ESP"]
[Source "lmi"]
[SourceDate "2004.10.27"]

1. d4 d5 2. c4 dxc4 3. Nf3 Nf6 4. Nc3 c6 5. a4 Bf5 6. e3 e6 7. Bxc4 Bb4 8. O-O
O-O 9. Qe2 Ne4 10. Nxe4 Bxe4 11. Rd1 Nd7 12. Bd2 Bd6 13. Bc3 Qf6 14. Nd2 Qh6
15. h3 Nf6 16. f3 Bc2 17. Rdc1 Bg6 18. Nf1 Nd5 19. Bd2 Qh4 20. a5 Rac8 21. Qf2
Qe7 22. e4 Nb4 23. Be3 Kh8 24. a6 b6 25. e5 Bb8 26. Qd2 h6 27. Nh2 f5 28. f4
Nd5 29. Bxd5 cxd5 30. Nf3 Rfd8 31. Bf2 Qd7 32. Bh4 Re8 33. Qb4 Kg8 34. Be1 Bh5
35. Kf2 Kf7 36. Bd2 Rf8 37. Ne1 Rfd8 38. Nd3 Kg8 39. Ke3 Be8 40. g4 Rxc1 41.
Rxc1 fxg4 42. hxg4 Bg6 43. Qc3 Rf8 44. Qc6 Qf7 45. Qb7 Bxd3 46. Qxf7+ Rxf7 47.
Kxd3 Rc7 48. Rf1 Rf7 49. f5 Bc7 50. Rc1 Bd8 51. Rc8 exf5 52. Rxd8+ Kh7 53. e6
Re7 1-0